| 000 | 00399nam a2200157Ia 4500 | ||
|---|---|---|---|
| 008 | 230312s9999||||xx |||||||||||||| ||und|| | ||
| 020 | _a81-8431-093-5 | ||
| 082 |
_a621.3815 _bBAK-S |
||
| 100 | _aBakshi,U.A | ||
| 245 | 0 | _aSolid-State devices & Circuits | |
| 260 |
_bTechnical Publications Pune _aIndia _c2008 |
||
| 300 | _a7-64 | ||
| 546 | _aEng. | ||
| 650 |
_aEngineering _vvaractors |
||
| 942 | _cBK | ||
| 999 |
_c1621 _d1621 |
||